La vita di Benvenuto Cellini scritta da lui medisimo...con note e documenti illustrativie con un saggio delle sue rime. (Record no. 42933)

MARC details
000 -LEADER
campo de control de longitud fija 00626nam a2200193 i 4500
001 - NÚMERO DE CONTROL
campo de control 42933
003 - IDENTIFICADOR DE NÚMERO DE CONTROL
campo de control ES-MaACL
005 - FECHA Y HORA DE LA ÚLTIMA TRANSACCIÓN
campo de control 20251015063055.0
007 - CAMPO FIJO DE DESCRIPCIÓN FÍSICA--INFORMACIÓN GENERAL
campo de control de longitud fija t|
008 - DATOS DE LONGITUD FIJA--INFORMACIÓN GENERAL
campo de control de longitud fija 030314s1874 it ||||1| ita d
100 1# - ENTRADA PRINCIPAL--NOMBRE DE PERSONA
Nombre de persona Cellini, Benvenuto,
Fechas asociadas al nombre 1500-1571
9 (RLIN) 37369
245 13 - MENCIÓN DEL TÍTULO
Título La vita di Benvenuto Cellini scritta da lui medisimo...con note e documenti illustrativie con un saggio delle sue rime.
250 ## - MENCION DE EDICION
Mención de edición 2. edizione.
260 ## - PUBLICACIÓN, DISTRIBUCIÓN, ETC.
Lugar de publicación, distribución, etc. Milano :
Nombre del editor, distribuidor, etc. Edoardo Sonzogno,
Fecha de publicación, distribución, etc. 1874.
300 ## - DESCRIPCIÓN FÍSICA
Extensión 414 p. ;
Dimensiones 18 cm.
600 14 - PUNTO DE ACCESO ADICIONAL DE MATERIA--NOMBRE DE PERSONA
Nombre de persona Cellini, Benvenuto,
Fechas asociadas al nombre 1500-1571
9 (RLIN) 37369
852 ## - LOCALIZACIÓN
Ubicación ES-MaACL
Número de control de estantería G-10405
Holdings
Estatus retirado Estado de pérdida Estado de daño No para préstamo Colección Biblioteca de origen Biblioteca actual Ubicación en estantería Fecha de adquisición Fuente de adquisición Total de préstamos Signatura topográfica completa Código de barras Visto por última vez Precio de reemplazo Tipo de ítem Koha
        Libros del s. XIX Biblioteca del Ateneo de Madrid Biblioteca del Ateneo de Madrid Sala Pecera Planta 3 17/01/2008     G-10405 1045190 23/02/2023 23/02/2023 Libro impreso antiguo